Report of a conference appointed...to examine the Tables for Residual Manurial Values of Fertilisers and for Manurial Values of Feeding Stuffs with the view of suggesting any necessary revision of such tables (Record no. 85838)

MARC details
000 -LEADER
fixed length control field 00596cam a2200169 4500
001 - CONTROL NUMBER
control field D12369
008 - FIXED-LENGTH DATA ELEMENTS--GENERAL INFORMATION
fixed length control field 090401t1946 xxu||||| |||| 00| 0 eng d
035 ## - SYSTEM CONTROL NUMBER
System control number (Sirsi) u2957
041 ## - LANGUAGE CODE
Language code of text/sound track or separate title eng
110 ## - MAIN ENTRY--CORPORATE NAME
Corporate name or jurisdiction name as entry element Central Association of Agricultural Valuers
245 ## - TITLE STATEMENT
Title Report of a conference appointed...to examine the Tables for Residual Manurial Values of Fertilisers and for Manurial Values of Feeding Stuffs with the view of suggesting any necessary revision of such tables
260 ## - PUBLICATION, DISTRIBUTION, ETC.
Place of publication, distribution, etc. London
Name of publisher, distributor, etc. CAAV
Date of publication, distribution, etc. 1946
350 ## - PRICE (NR) (BK AM CF MU VM SE) [OBSOLETE]
Price 0
520 ## - SUMMARY, ETC.
Summary, etc. 2 copies; Shelf 152
942 ## - ADDED ENTRY ELEMENTS (KOHA)
Suppress in OPAC 0
948 ## - LOCAL PROCESSING INFORMATION (OCLC); SERIES PART DESIGNATOR (RLIN)
c (OCLC) 04/03/1997
Holdings
Withdrawn status Lost status Source of classification or shelving scheme Damaged status Not for loan Home library Current library Shelving location Date acquired Total Checkouts Full call number Barcode Date last seen Copy number Price effective from Koha item type
    Other/Generic Classification Scheme     London London Basement 12/08/1991   SHELF 152 30010957 06/08/2019 2 06/08/2019 Reference material